Nagpur Agriculture College Magazine (Record no. 15699)
[ view plain ]
| 000 -LEADER | |
|---|---|
| fixed length control field | 00303nam a22000977a 4500 |
| 008 - FIXED-LENGTH DATA ELEMENTS--GENERAL INFORMATION | |
| fixed length control field | 230328b |||||||| |||| 00| 0 eng d |
| 040 ## - CATALOGING SOURCE | |
| Original cataloging agency | National Science Library |
| Transcribing agency | National Science Library |
| 245 ## - TITLE STATEMENT | |
| Title | Nagpur Agriculture College Magazine |
| 260 ## - PUBLICATION, DISTRIBUTION, ETC. | |
| Place of publication, distribution, etc. | Nagpur: |
| Name of publisher, distributor, etc. | College of Agriculture, |
| Date of publication, distribution, etc. | 1962 |
| 942 ## - ADDED ENTRY ELEMENTS (KOHA) | |
| Koha item type | Continuing Resources |
| Withdrawn status | Lost status | Materials specified (bound volume or other part) | Damaged status | Not for loan | Home library | Current library | Shelving location | Date acquired | Total Checkouts | Barcode | Date last seen | Price effective from | Koha item type |
|---|---|---|---|---|---|---|---|---|---|---|---|---|---|
| Vol. 36 (1-3), 1962 | National Science Library | National Science Library | FF/Rk-18/C-12/R-3 | 04/06/1974 | 56765 | 28/03/2023 | 04/06/1974 | Continuing Resources | |||||
| Vol. 33-34, 1959-60 | National Science Library | National Science Library | FF/Rk-18/C-12/R-3 | 04/06/1974 | 56766 | 28/03/2023 | 04/06/1974 | Continuing Resources |